|
|
|
|
| LEADER |
03905nam a22005535i 4500 |
| 001 |
978-3-540-73589-2 |
| 003 |
DE-He213 |
| 005 |
20151116135335.0 |
| 007 |
cr nn 008mamaa |
| 008 |
100301s2007 gw | s |||| 0|eng d |
| 020 |
|
|
|a 9783540735892
|9 978-3-540-73589-2
|
| 024 |
7 |
|
|a 10.1007/978-3-540-73589-2
|2 doi
|
| 040 |
|
|
|d GrThAP
|
| 050 |
|
4 |
|a QA76.6-76.66
|
| 072 |
|
7 |
|a UM
|2 bicssc
|
| 072 |
|
7 |
|a COM051000
|2 bisacsh
|
| 082 |
0 |
4 |
|a 005.11
|2 23
|
| 245 |
1 |
0 |
|a ECOOP 2007 – Object-Oriented Programming
|h [electronic resource] :
|b 21st European Conference, Berlin, Germany, July 30 - August 3, 2007. Proceedings /
|c edited by Erik Ernst.
|
| 264 |
|
1 |
|a Berlin, Heidelberg :
|b Springer Berlin Heidelberg,
|c 2007.
|
| 300 |
|
|
|a XIII, 625 p.
|b online resource.
|
| 336 |
|
|
|a text
|b txt
|2 rdacontent
|
| 337 |
|
|
|a computer
|b c
|2 rdamedia
|
| 338 |
|
|
|a online resource
|b cr
|2 rdacarrier
|
| 347 |
|
|
|a text file
|b PDF
|2 rda
|
| 490 |
1 |
|
|a Lecture Notes in Computer Science,
|x 0302-9743 ;
|v 4609
|
| 505 |
0 |
|
|a Invited Talk -- Erlang – Software for a Concurrent World -- Types -- Gradual Typing for Objects -- Generic Universe Types -- Declarative Object Identity Using Relation Types -- Runtime Implementation -- Object-Relative Addressing: Compressed Pointers in 64-Bit Java Virtual Machines -- Generational Real-Time Garbage Collection -- AS-GC: An Efficient Generational Garbage Collector for Java Application Servers -- Empirical Studies -- Exception Handling: A Field Study in Java and .NET -- On the Impact of Aspectual Decompositions on Design Stability: An Empirical Study -- Dahl-Nygaard Prize Invited Talk -- An Accidental Simula User -- Programs and Predicates -- Validity Invariants and Effects -- Non-null References by Default in Java: Alleviating the Nullity Annotation Burden -- Efficiently Generating Structurally Complex Inputs with Thousands of Objects -- Language Design -- Matching Objects with Patterns -- DirectFlow: A Domain-Specific Language for Information-Flow Systems -- A Relational Model of Object Collaborations and Its Use in Reasoning About Relationships -- Inheritance and Derivation -- JavaGI: Generalized Interfaces for Java -- Metaprogramming with Traits -- Morphing: Safely Shaping a Class in the Image of Others -- A Higher Abstraction Level Using First-Class Inheritance Relations -- Dahl-Nygaard Prize Invited Talk -- Assuring Object-Oriented Architecture -- Aspects -- MAO: Ownership and Effects for More Effective Reasoning About Aspects -- Joinpoint Inference from Behavioral Specification to Implementation -- A Machine Model for Aspect-Oriented Programming -- A Staged Static Program Analysis to Improve the Performance of Runtime Monitoring -- Language About Language -- Tracking Linear and Affine Resources with Java(X) -- Attribute Grammar-Based Language Extensions for Java -- Metamodel Adaptation and Model Co-adaptation.
|
| 650 |
|
0 |
|a Computer science.
|
| 650 |
|
0 |
|a Computer communication systems.
|
| 650 |
|
0 |
|a Computer programming.
|
| 650 |
|
0 |
|a Software engineering.
|
| 650 |
|
0 |
|a Programming languages (Electronic computers).
|
| 650 |
|
0 |
|a Computer logic.
|
| 650 |
|
0 |
|a Management information systems.
|
| 650 |
1 |
4 |
|a Computer Science.
|
| 650 |
2 |
4 |
|a Programming Techniques.
|
| 650 |
2 |
4 |
|a Software Engineering.
|
| 650 |
2 |
4 |
|a Programming Languages, Compilers, Interpreters.
|
| 650 |
2 |
4 |
|a Logics and Meanings of Programs.
|
| 650 |
2 |
4 |
|a Computer Communication Networks.
|
| 650 |
2 |
4 |
|a Management of Computing and Information Systems.
|
| 700 |
1 |
|
|a Ernst, Erik.
|e editor.
|
| 710 |
2 |
|
|a SpringerLink (Online service)
|
| 773 |
0 |
|
|t Springer eBooks
|
| 776 |
0 |
8 |
|i Printed edition:
|z 9783540735885
|
| 830 |
|
0 |
|a Lecture Notes in Computer Science,
|x 0302-9743 ;
|v 4609
|
| 856 |
4 |
0 |
|u http://dx.doi.org/10.1007/978-3-540-73589-2
|z Full Text via HEAL-Link
|
| 912 |
|
|
|a ZDB-2-SCS
|
| 912 |
|
|
|a ZDB-2-LNC
|
| 950 |
|
|
|a Computer Science (Springer-11645)
|